<?xml version="1.0" encoding="UTF-8"?>
<record
    xmlns:xsi="http://www.w3.org/2001/XMLSchema-instance"
    xsi:schemaLocation="http://www.loc.gov/MARC21/slim http://www.loc.gov/standards/marcxml/schema/MARC21slim.xsd"
    xmlns="http://www.loc.gov/MARC21/slim">

  <leader>00519nam a22001577a 4500</leader>
  <controlfield tag="008">160129b        xxu||||| |||| 00| 0 eng d</controlfield>
  <datafield tag="082" ind1=" " ind2=" ">
    <subfield code="a">759.987</subfield>
    <subfield code="b">EL37n</subfield>
  </datafield>
  <datafield tag="100" ind1=" " ind2=" ">
    <subfield code="a">John Elderpield</subfield>
    <subfield code="9">4617</subfield>
  </datafield>
  <datafield tag="245" ind1=" " ind2=" ">
    <subfield code="a">The Natural History of Armando Rever&#xF3;n </subfield>
    <subfield code="c">John Elderpield</subfield>
  </datafield>
  <datafield tag="260" ind1=" " ind2=" ">
    <subfield code="a">New York </subfield>
    <subfield code="b">The Museum of Modern Art </subfield>
  </datafield>
  <datafield tag="300" ind1=" " ind2=" ">
    <subfield code="a">80 p</subfield>
    <subfield code="c">28 cm</subfield>
  </datafield>
  <datafield tag="600" ind1=" " ind2=" ">
    <subfield code="a">Armando Rever&#xF3;n </subfield>
    <subfield code="9">4618</subfield>
  </datafield>
  <datafield tag="650" ind1=" " ind2=" ">
    <subfield code="a">Critica e Interpretaci&#xF3;n </subfield>
    <subfield code="v">Exhibici&#xF3;n </subfield>
    <subfield code="z">Venezuela</subfield>
    <subfield code="9">4619</subfield>
  </datafield>
  <datafield tag="700" ind1=" " ind2=" ">
    <subfield code="a">John Elderpield</subfield>
    <subfield code="9">4620</subfield>
  </datafield>
  <datafield tag="700" ind1=" " ind2=" ">
    <subfield code="a">Armando Rever&#xF3;n</subfield>
    <subfield code="9">4621</subfield>
  </datafield>
  <datafield tag="999" ind1=" " ind2=" ">
    <subfield code="c">844</subfield>
    <subfield code="d">844</subfield>
  </datafield>
  <datafield tag="952" ind1=" " ind2=" ">
    <subfield code="0">0</subfield>
    <subfield code="1">0</subfield>
    <subfield code="2">ddc</subfield>
    <subfield code="4">0</subfield>
    <subfield code="7">0</subfield>
    <subfield code="a">LV</subfield>
    <subfield code="b">LV</subfield>
    <subfield code="c">Pensamiento</subfield>
    <subfield code="d">2016-01-29</subfield>
    <subfield code="l">0</subfield>
    <subfield code="o">759.987 EL37n</subfield>
    <subfield code="p">000989</subfield>
    <subfield code="r">2016-01-29 00:00:00</subfield>
    <subfield code="w">2016-01-29</subfield>
    <subfield code="y">01</subfield>
  </datafield>
</record>
